000 00811nam a2200253Ia 4500
003 GCL
005 20240530102223.0
008 140319s9999 xx 000 0 ara d
040 _aGCL /
_cGCL
082 0 4 _a658.407
_bت ت
100 1 _aتريس، وليم
245 1 0 _aتصميم نظم التدريب والتطوير /
_cتريس، وليم
260 _aالسعودية :
_bمعهد الادارة العامة ،
_c1990
300 _a642 ص ؛
_b24 سم
650 0 4 _aالادارة
650 0 4 _aالتنظيم
650 0 4 _aتدريب
650 0 4 _aادارة الافراد
650 0 4 _aالتنمية الادارية
650 0 4 _aالاداريون
700 1 _aسعد احمد الجبالى
_eمترجم
700 1 _aسعيد على الشواف
_eمراجع
942 _2ddc
_cBK
999 _c30663
_d30663